000 01123nam a2200301 c 4500
003 BLK
005 20190712170351.0
008 180408b bul|||||r ||||||| ||bul||
010 _aKNG00085305000
020 _a978-954-516-749-2
_bиздат.: Летера
040 _aBLK
041 _aBUL
_cBUL
080 _aАмериканска литература (на САЩ)
_b821.111(73)
_x-31
_z821.111(73)-31
100 1 _aРенълдс, Ейприл
_eпърви автор
_9299825
700 1 _aВасева, Ирина Ненчева
_eпрев.
_9364123
139 _aРенълдс, Ейприл
_bР 52
245 1 0 _aДо колене в чудото
_bРоман
_cЕйприл Ренълдс; прев. Ирина Ненчева Васева.
257 _aUSA
260 Пловдив
_bЛетера
_c2007
300 _a252 с.
_c20 см
380 _aX
500 _aОриг. загл. Knee-deer in Wonder / April Reynolds
852 _aЦб 241095
856 4 _qpdf
_u
856 4 _qpdf
_u
942 _cKNG
_n0
_08
944 _aCR
_c01.09.2008
_kГеновева_Генчева
944 _aED
_c13.02.2017
_kВиолета_Тройчева
999 _c80813
_d80813